00323nam a2200121Ia 4500008004100000100002300041245005400064260004100118300000900159650001100168942000700179999001500186190216s9999||||xx |||||||||||||| ||und|| aCharles Kendeigh S 0aEcology With Special Reference To Animals And Man bPrentice Hall Of India Pvt Ltdc1979 a484p aBotany cBK c1368d1368